A közkórház jövője
Elmentve itt :
| Dokumentumtípus: | Cikk |
|---|---|
| Megjelent: |
1923-06-07
|
| Sorozat: | Délmagyarország
4 No. 126 |
| Kulcsszavak: | Kórház Szeged 1923 |
| Online Access: | http://dmarchiv.bibl.u-szeged.hu/30804 |
| LEADER | 00398nab a2200145 i 4500 | ||
|---|---|---|---|
| 001 | delm30804 | ||
| 005 | 20180926111022.0 | ||
| 008 | 180926s1923 hu o 0|| hun d | ||
| 040 | |a SZTE Délmagyarország Archívum |b hun | ||
| 041 | |a hun | ||
| 245 | 0 | 2 | |a A közkórház jövője |h [elektronikus dokumentum] |
| 260 | |c 1923-06-07 | ||
| 300 | |a 3 | ||
| 490 | 0 | |a Délmagyarország |v 4 No. 126 | |
| 695 | |a Kórház Szeged 1923 | ||